<?xml version="1.0" encoding="UTF-8"?>
<marc:record xmlns:marc="http://www.loc.gov/MARC21/slim">
   <marc:leader>00000nam a2200000 a 4500</marc:leader>
   <marc:datafield ind1="1" ind2=" " tag="100">
      <marc:subfield code="a">Hansen, Gerd</marc:subfield>
      <marc:subfield code="4">aut</marc:subfield>
      <marc:subfield code="e">Verfasser/-in</marc:subfield>
   </marc:datafield>
   <marc:datafield ind1=" " ind2=" " tag="653">
      <marc:subfield code="a">Cerebrale Bewegungsstörung</marc:subfield>
   </marc:datafield>
   <marc:datafield ind1=" " ind2=" " tag="653">
      <marc:subfield code="a">Kind</marc:subfield>
   </marc:datafield>
   <marc:datafield ind1=" " ind2=" " tag="653">
      <marc:subfield code="a">Jugend</marc:subfield>
   </marc:datafield>
   <marc:datafield ind1=" " ind2=" " tag="653">
      <marc:subfield code="a">Affektive Entwicklung</marc:subfield>
   </marc:datafield>
   <marc:datafield ind1=" " ind2=" " tag="653">
      <marc:subfield code="a">Bobath-Methode</marc:subfield>
   </marc:datafield>
   <marc:datafield ind1=" " ind2=" " tag="653">
      <marc:subfield code="a">Inklusion</marc:subfield>
   </marc:datafield>
   <marc:datafield ind1=" " ind2=" " tag="653">
      <marc:subfield code="a">Emotionales Verhalten</marc:subfield>
   </marc:datafield>
   <marc:datafield ind1=" " ind2=" " tag="653">
      <marc:subfield code="a">Softcover / Pädagogik/Sonderpädagogik</marc:subfield>
   </marc:datafield>
   <marc:datafield ind1="0" ind2="0" tag="245">
      <marc:subfield code="a">Grundwissen cerebrale Bewegungsstörungen im Kindes- und Jugendalter</marc:subfield>
   </marc:datafield>
   <marc:datafield ind1="0" ind2="0" tag="245">
      <marc:subfield code="c">Gerd Hansen</marc:subfield>
   </marc:datafield>
   <marc:datafield ind1=" " ind2="1" tag="264">
      <marc:subfield code="a">Düsseldorf</marc:subfield>
      <marc:subfield code="b">verlag selbstbestimmtes Leben</marc:subfield>
      <marc:subfield code="c">2015</marc:subfield>
   </marc:datafield>
   <marc:datafield ind1="1" ind2=" " tag="520">
      <marc:subfield code="a">Angaben aus der Verlagsmeldung

Grundwissen Cerebrale Bewegungsstörungen im Kindes- und Jugendalter / von Gerd Hansen

Cerebrale Bewegungsstörungen gehören statistisch zu den häufigsten körperlichen und motorischen Beeinträchtigungen bei Kindern und Jugendlichen. Wissenschaftliche Veröffentlichungen zu dieser Thematik sind dagegen eher rar. Die vorliegende Publikation bietet einen Überblick über den aktuellen Forschungsstand, gegliedert nach den Gesichtspunkten Medizinische Aspekte, sozial-emotionale und kognitive Entwicklung sowie Kommunikation. Ein Schwerpunkt besteht in der Aufarbeitung des internationalen empirischen Forschungsstandes. Das Buch wendet sich an Fachleute sowohl aus pädagogischen als auch therapeutischen Berufsgruppen, die mit cerebral bewegungsgestörten Kindern und Jugendlichen aktuell arbeiten oder in Zukunft arbeiten werden. Im Zuge des durch die aktuelle Inklusionsdebatte gestiegenen Informationsbedarfs ist auch an Lehrkräfte gedacht, die bislang mit dem Thema noch nicht in Kontakt gekommen sind. Lesenswert ist das Buch aufgrund seines Grundlagencharakters auch für interessierte Laien und Eltern, die sich wissenschaftlich fundiert und sachlich über das Thema informieren möchten.
</marc:subfield>
   </marc:datafield>
   <marc:datafield ind1=" " ind2=" " tag="020">
      <marc:subfield code="a">9783945771013</marc:subfield>
      <marc:subfield code="9">9783945771013</marc:subfield>
   </marc:datafield>
   <marc:datafield ind1=" " ind2=" " tag="041">
      <marc:subfield code="a">ger</marc:subfield>
   </marc:datafield>
   <marc:datafield ind1=" " ind2=" " tag="300">
      <marc:subfield code="a">175 Seiten</marc:subfield>
   </marc:datafield>
</marc:record>
